[Event "Ceske sachove vanoce 2012  -  OPEN"]
[Site "Litomysl"]
[Date "2013.01.01"]
[Round "8.4"]
[White "Sharashenidze, Akaki"]
[Black "Sodoma, Jan"]
[Result "1/2-1/2"]
[WhiteElo "2351"]
[BlackElo "2379"]
[Annotator ",Michail"]
[PlyCount "63"]
[EventDate "2012.12.26"]

1. e4 e5 2. Nf3 Nc6 3. Bc4 Nf6 4. d3 Be7 5. Nc3 d6 6. h3 O-O 7. O-O Na5 8. Bb3
Nxb3 9. axb3 c5 10. Nd2 Be6 11. Nc4 h6 12. Ne3 d5 13. Nexd5 Nxd5 14. Nxd5 Bxd5
15. exd5 Qxd5 16. Qg4 Kh7 17. Qe4+ Qxe4 18. dxe4 a6 19. Rd1 Rfd8 20. Bd2 Bf6
21. Be3 Be7 22. Kf1 Kg8 23. g4 Kf8 24. Ke2 Rac8 25. c4 Rxd1 26. Rxd1 Ke8 27.
Rd5 f6 28. f4 exf4 29. Bxf4 Rc6 30. Kd3 Rb6 31. Kc2 Re6 32. Kd3 $11 1/2-1/2

[Event "Ceske sachove vanoce 2012  -  OPEN"]
[Site "Litomysl"]
[Date "2013.01.01"]
[Round "8.5"]
[White "Sedy, Pavel"]
[Black "Jasny, Stanislav"]
[Result "0-1"]
[WhiteElo "2137"]
[BlackElo "2303"]
[Annotator ",Michail"]
[PlyCount "106"]
[EventDate "2012.12.26"]

1. e4 c5 2. Nf3 d6 3. d4 cxd4 4. Nxd4 Nf6 5. Nc3 Nc6 6. Bg5 e6 7. Qd2 a6 8.
O-O-O Bd7 9. f4 h6 10. Bh4 g5 11. fxg5 Ng4 12. Bg3 hxg5 13. Be2 Nge5 14. Nxc6
Bxc6 15. Qd4 Qc7 16. Na4 b5 17. Nc5 dxc5 18. Qxe5 Qxe5 19. Bxe5 Rg8 20. a4 c4
21. Rhe1 Bc5 22. Bh5 Ra7 23. Bd6 Bxd6 24. Rxd6 Bd7 25. Red1 Rg7 26. a5 Ke7 27.
e5 g4 28. h4 gxh3 29. gxh3 Be8 30. Rb6 Rg5 31. Bf3 Rxe5 32. Rb7+ Rxb7 33. Bxb7
b4 34. Bxa6 c3 35. bxc3 Rxa5 36. Be2 bxc3 37. Kb1 Re5 38. Bf3 Re3 39. Rd3 Rxd3
40. cxd3 Ba4 41. d4 $11 Bb3 42. Be2 Kf6 43. h4 Kf5 44. h5 Kg5 45. Kc1 f5 46.
Kb1 f4 47. Kc1 Bd5 48. Kc2 f3 49. Bf1 Kxh5 50. Kxc3 Kg4 51. Kd2 Kf4 52. Bd3 Ba2
53. Bb5 Ke4 0-1

[Event "Ceske sachove vanoce 2012  -  OPEN"]
[Site "Litomysl"]
[Date "2013.01.01"]
[Round "8.6"]
[White "Novotny, Michal"]
[Black "Hajek, Lukas"]
[Result "1/2-1/2"]
[WhiteElo "2274"]
[BlackElo "2155"]
[Annotator ",Michail"]
[PlyCount "45"]
[EventDate "2012.12.26"]

1. e4 e6 2. d4 d5 3. Nc3 Nf6 4. exd5 exd5 5. Bg5 Be7 6. Bd3 Nc6 7. Nge2 Nb4 8.
Nf4 c6 9. Be2 Bf5 10. O-O h6 11. Bxf6 Bxf6 12. Qd2 Nxc2 13. Rad1 Kf8 14. Na4
Qd6 15. Nh5 Nxd4 16. Bd3 Bxd3 17. Qxd3 Ne6 18. Nxf6 gxf6 19. Rfe1 Rg8 20. g3
Ke7 21. Nc3 Kd7 22. Qf5 Qc7 23. Rxd5+ $11 1/2-1/2

[Event "Ceske sachove vanoce 2012  -  OPEN"]
[Site "Litomysl"]
[Date "2013.01.01"]
[Round "8.7"]
[White "Chudinovskikh, Alexander M"]
[Black "Mejzlik, Ondrej"]
[Result "1-0"]
[WhiteElo "2263"]
[BlackElo "2233"]
[Annotator ",Michail"]
[PlyCount "105"]
[EventDate "2012.12.26"]

1. e4 c6 2. Nf3 d5 3. Nc3 Bg4 4. h3 Bxf3 5. Qxf3 e6 6. g3 Nd7 7. Bg2 Ngf6 8.
O-O dxe4 9. Nxe4 Nxe4 10. Qxe4 Nf6 11. Qe2 Bd6 12. b3 Qc7 13. Bb2 h5 14. a4 h4
15. g4 Bf4 16. a5 a6 17. Bd4 c5 18. Bxf6 gxf6 19. Ra4 Rb8 20. Qf3 e5 21. d3 Bg5
22. Re1 Kf8 23. Qf5 Kg7 24. Be4 Rbd8 25. Re2 Rd4 $11 26. c4 Rd6 27. b4 Qd7 28.
Qxd7 Rxd7 29. bxc5 Rc7 30. Rb2 Rxc5 31. Rxb7 Bd2 32. Bd5 Rf8 33. Ra7 Bxa5 34.
Rxa6 Bc3 35. Rd6 Ra5 36. Rxa5 Bxa5 37. Kg2 Kg6 38. Kf3 Bc3 39. Ke4 Rb8 40. Rd7
Rb2 41. Bxf7+ Kg5 42. c5 Rxf2 43. c6 Rf4+ 44. Kd5 Ba5 45. Ke6 Rf3 46. d4 Rc3
47. d5 e4 48. Ra7 Bb6 49. Rb7 Bf2 50. c7 e3 51. d6 Bg3 52. Rb5+ Kh6 53. Kxf6
1-0

[Event "Ceske sachove vanoce 2012  -  OPEN"]
[Site "Litomysl"]
[Date "2013.01.01"]
[Round "8.8"]
[White "Bombek, Peter"]
[Black "Kubik, Michael"]
[Result "1/2-1/2"]
[WhiteElo "2261"]
[BlackElo "2140"]
[Annotator ",Michail"]
[PlyCount "98"]
[EventDate "2012.12.26"]

1. Nf3 Nf6 2. c4 g6 3. Nc3 Bg7 4. d4 d6 5. e4 O-O 6. h3 e5 7. dxe5 dxe5 8. Qxd8
Rxd8 9. Bg5 Rf8 10. Nd5 Nxd5 11. cxd5 c6 12. Bc4 b5 13. Bb3 Bb7 14. Rc1 a5 15.
a3 a4 16. Ba2 Rc8 17. dxc6 Nxc6 18. Ke2 h6 19. Be3 Nd4+ 20. Bxd4 exd4 21. Kd3
b4 22. axb4 a3 23. Rxc8+ Rxc8 24. bxa3 Rc3+ 25. Kd2 Bxe4 26. Bb1 Bxf3 27. gxf3
Rxa3 28. Be4 Rb3 $11 29. Rb1 Rxb1 30. Bxb1 Kf8 31. Kd3 Ke7 32. f4 f5 33. Kc4
Kd6 34. Bc2 Bf6 35. f3 g5 36. fxg5 hxg5 37. Bxf5 Ke5 38. Be4 Kd6 39. b5 Kc7 40.
Kc5 Be5 41. Kd5 Bf6 42. Ke6 Bd8 43. Bd3 Kb6 44. Kf5 Kc5 45. f4 gxf4 46. Kxf4
Kd6 47. Kf5 Ke7 48. Ke5 Kf7 49. Kxd4 Kg7 1/2-1/2

[Event "Ceske sachove vanoce 2012  -  OPEN"]
[Site "Litomysl"]
[Date "2013.01.01"]
[Round "8.9"]
[White "Vyprachticky, David"]
[Black "Sabuk, Piotr"]
[Result "0-1"]
[WhiteElo "2092"]
[BlackElo "2195"]
[PlyCount "72"]
[EventDate "2012.12.26"]

1. Nf3 d5 2. g3 Nf6 3. Bg2 e6 4. O-O Be7 5. b3 c5 6. c4 d4 7. b4 cxb4 8. Bb2
Nc6 9. a3 O-O 10. axb4 Bxb4 11. d3 e5 12. Nbd2 Re8 13. Ba3 Bxa3 14. Rxa3 Nd7
15. Nb3 Qc7 16. Qb1 b6 17. Rc1 Bb7 18. c5 b5 19. Nfd2 Nf6 20. Qa1 a5 21. Ne4
Nxe4 22. Bxe4 a4 23. Nd2 Ne7 24. Rb1 Bc6 25. f4 exf4 26. Qxd4 fxg3 27. Qd6
gxh2+ 28. Kxh2 Qc8 29. Rg1 Ra6 30. Qg3 Ng6 31. Raa1 f5 32. Bxc6 Qxc6 33. Qf2
Ne5 34. Qxf5 Qh6+ 35. Qh3 Qxd2 36. Rxg7+ Kxg7 0-1

[Event "Ceske sachove vanoce 2012  -  OPEN"]
[Site "Litomysl"]
[Date "2013.01.01"]
[Round "8.10"]
[White "Szumilas, Piotr"]
[Black "Mejzlik, Vojtech"]
[Result "1-0"]
[WhiteElo "2204"]
[BlackElo "2052"]
[PlyCount "63"]
[EventDate "2012.12.26"]

1. e4 c5 2. c3 d6 3. d4 cxd4 4. cxd4 g6 5. Bc4 Bg7 6. Nf3 Nf6 7. Nc3 O-O 8. Bb3
a6 9. O-O Nc6 10. h3 b5 11. Re1 Nd7 12. Bg5 Bb7 13. Nd5 Nb6 14. Nxb6 Qxb6 15.
d5 Ne5 16. Bxe7 Rfe8 17. Bg5 Nxf3+ 18. Qxf3 Bxb2 19. Bf6 Bxf6 20. Qxf6 Qd8 21.
Qd4 Qe7 22. f4 Rac8 23. e5 dxe5 24. fxe5 Qc5 25. Rad1 Red8 26. d6 Kf8 27. Bxf7
Qxd4+ 28. Rxd4 Kxf7 29. e6+ Kf6 30. d7 Rc2 31. e7 Rxg2+ 32. Kf1 1-0

[Event "Ceske sachove vanoce 2012  -  OPEN"]
[Site "Litomysl"]
[Date "2013.01.01"]
[Round "8.11"]
[White "Daniel, Martin"]
[Black "Maciol, Ryszard"]
[Result "1-0"]
[WhiteElo "2081"]
[BlackElo "2190"]
[PlyCount "63"]
[EventDate "2012.12.26"]

1. d4 Nf6 2. c4 e6 3. Nf3 b6 4. g3 Bb7 5. Bg2 Be7 6. O-O O-O 7. Nc3 d5 8. Ne5
c6 9. b3 Nbd7 10. Nd3 Rc8 11. Bb2 Ba6 12. cxd5 cxd5 13. Rc1 b5 14. b4 Rc4 15.
Nb1 Nb6 16. Nd2 Rxc1 17. Bxc1 Na4 18. Nb3 Nc3 19. Qc2 Qc8 20. Bg5 Nce4 21. Qxc8
Rxc8 22. Bxe4 dxe4 23. Ndc5 Rc6 24. Na5 Rb6 25. Rc1 Bxc5 26. dxc5 Rb8 27. Bxf6
gxf6 28. Rd1 Rc8 29. c6 e5 30. c7 Ra8 31. Nc6 Kg7 32. Rd8 1-0

[Event "Ceske sachove vanoce 2012  -  OPEN"]
[Site "Litomysl"]
[Date "2013.01.01"]
[Round "8.12"]
[White "Jozefek, Michal"]
[Black "Seidl, Stepan"]
[Result "1/2-1/2"]
[WhiteElo "2060"]
[BlackElo "2185"]
[Annotator ",Michail"]
[PlyCount "86"]
[EventDate "2012.12.26"]

1. d4 Nf6 2. c4 e6 3. Nc3 Bb4 4. Qc2 O-O 5. a3 Bxc3+ 6. Qxc3 b6 7. Bg5 Bb7 8.
e3 d6 9. f3 Nbd7 10. Bd3 c5 11. Ne2 Re8 12. O-O h6 13. Bh4 Rc8 14. Rac1 Qc7 15.
b3 Qb8 16. Qd2 Qa8 17. Rfd1 a6 18. Nc3 d5 19. Bf1 dxc4 20. bxc4 cxd4 21. exd4
Red8 22. Qb2 Bc6 23. d5 exd5 24. cxd5 Bb7 25. Ne4 Rxc1 26. Rxc1 Bxd5 27. Nxf6+
gxf6 28. Bxf6 Nxf6 29. Qxf6 Rc8 30. Qxh6 Rxc1 31. Qxc1 b5 32. Kf2 Qd8 33. Qd2
Qh4+ 34. Kg1 Bc4 35. g3 Qf6 36. Bxc4 bxc4 37. Kf2 c3 38. Qc2 Qe5 39. a4 Qd4+
40. Ke2 a5 41. Qd3 Qxa4 42. Qxc3 Qa2+ 43. Qd2 Qc4+ $11 1/2-1/2

[Event "Ceske sachove vanoce 2012  -  OPEN"]
[Site "Litomysl"]
[Date "2013.01.01"]
[Round "8.13"]
[White "Jablon, Stephen"]
[Black "Pekar, Vaclav"]
[Result "0-1"]
[WhiteElo "1931"]
[BlackElo "2157"]
[PlyCount "56"]
[EventDate "2012.12.26"]

1. d4 Nf6 2. Nc3 d5 3. Bg5 c5 4. Bxf6 gxf6 5. e4 dxe4 6. dxc5 f5 7. Qh5 e6 8.
Rd1 Qa5 9. Bb5+ Bd7 10. Bxd7+ Nxd7 11. Rxd7 Kxd7 12. Qxf7+ Be7 13. Nge2 Raf8
14. Qg7 Qxc5 15. O-O Rhg8 16. Qxh7 Rh8 17. Qg7 Rfg8 18. Qd4+ Qxd4 19. Nxd4 Bd6
20. g3 Rh3 21. f3 Rgh8 22. fxe4 Bc5 23. Rd1 Rxh2 24. Rd3 e5 25. Nce2 fxe4 26.
Rd2 exd4 27. Kf1 d3 28. cxd3 Rh1+ 0-1

[Event "Ceske sachove vanoce 2012  -  OPEN"]
[Site "Litomysl"]
[Date "2013.01.01"]
[Round "8.14"]
[White "Hrabal, Michal"]
[Black "Kastner, Oldrich"]
[Result "1/2-1/2"]
[WhiteElo "2100"]
[BlackElo "2088"]
[Annotator ",Michail"]
[PlyCount "44"]
[EventDate "2012.12.26"]

1. e4 c5 2. Nc3 Nc6 3. Bb5 Nd4 4. Bc4 a6 5. d3 b5 6. Bb3 e6 7. Nge2 Nxb3 8.
axb3 Bb7 9. O-O Ne7 10. Ng3 g6 11. Bg5 Bg7 12. f4 f6 13. Bh4 O-O 14. Qg4 f5 15.
Qe2 Qe8 16. Nd1 Rf7 17. c3 Bh6 18. Bxe7 Qxe7 19. e5 d5 20. Ne3 Qc7 21. Nc2 a5
22. d4 c4 $11 1/2-1/2

[Event "Ceske sachove vanoce 2012  -  OPEN"]
[Site "Litomysl"]
[Date "2013.01.01"]
[Round "8.15"]
[White "Skoda, Martin"]
[Black "Goluch, Piotr"]
[Result "1/2-1/2"]
[WhiteElo "2017"]
[BlackElo "2253"]
[Annotator ",Michail"]
[PlyCount "76"]
[EventDate "2012.12.26"]

1. e4 c6 2. Nc3 d5 3. Nf3 Bg4 4. h3 Bxf3 5. Qxf3 e6 6. d4 dxe4 7. Nxe4 Qxd4 8.
Bd3 Nd7 9. c3 Qd5 10. Bf4 Nc5 11. Bc2 f5 12. Ng5 Qxf3 13. Nxf3 Nf6 14. O-O Nd5
15. Bh2 a5 16. Rfe1 Be7 17. Re2 Kf7 18. Rae1 Bf6 19. Bd6 Nd7 20. Rxe6 g6 21.
Nd2 Rhe8 22. Rxe8 Rxe8 23. Rxe8 Kxe8 24. Nc4 Bd8 25. Ba3 Bc7 26. Bd6 Bd8 27.
Ba3 Bc7 28. Bd6 b6 29. Bxc7 Nxc7 30. g4 fxg4 31. hxg4 Ke7 32. Kg2 a4 33. Ne3 b5
34. c4 Ne6 35. cxb5 cxb5 36. Kg3 Nd4 37. Bb1 Nc5 38. f4 Ke6 $11 1/2-1/2

[Event "Ceske sachove vanoce 2012  -  OPEN"]
[Site "Litomysl"]
[Date "2013.01.01"]
[Round "8.16"]
[White "Chiu, Howard"]
[Black "Lys, Josef"]
[Result "1-0"]
[WhiteElo "2042"]
[BlackElo "2158"]
[PlyCount "79"]
[EventDate "2012.12.26"]

1. e4 e5 2. Nf3 Nc6 3. Bb5 Nf6 4. O-O d6 5. Re1 Be7 6. h3 O-O 7. c3 a6 8. Bf1
b5 9. d4 exd4 10. cxd4 Bb7 11. a4 b4 12. a5 d5 13. e5 Ne4 14. Nbd2 f6 15. exf6
Bxf6 16. Nb3 Qd6 17. Be3 Ne7 18. Nc5 Bc8 19. Nd3 Ng6 20. Rc1 c6 21. Qa4 Bd7 22.
Qxb4 Qc7 23. Qa3 Bxh3 24. gxh3 Be7 25. Qa2 Rxf3 26. Qxd5+ cxd5 27. Rxc7 Bd8 28.
Rd7 Nf6 29. Rd6 Ne7 30. Ne5 Rf5 31. Rxa6 Rxa6 32. Bxa6 Bxa5 33. Ra1 Bc7 34. Bd3
Rxe5 35. dxe5 Bxe5 36. Bc5 Ng6 37. Bf5 Kf7 38. Ra7+ Ke8 39. Bxg6+ hxg6 40. Re7+
1-0

[Event "Ceske sachove vanoce 2012  -  OPEN"]
[Site "Litomysl"]
[Date "2013.01.01"]
[Round "8.17"]
[White "Pulpan, Jakub"]
[Black "Anaskin, Arsenij"]
[Result "1-0"]
[WhiteElo "2099"]
[BlackElo "1855"]
[Annotator ",Michail"]
[PlyCount "131"]
[EventDate "2012.12.26"]

1. e4 e5 2. Nf3 Nc6 3. Bb5 a6 4. Ba4 Nf6 5. O-O Nxe4 6. d4 b5 7. Bb3 d5 8. dxe5
Be6 9. c3 Be7 10. Nbd2 Nc5 11. Bc2 d4 12. cxd4 Nxd4 13. Nxd4 Qxd4 14. Nf3 Qxd1
15. Rxd1 O-O 16. Ng5 h6 17. Nxe6 Nxe6 18. Be3 Rfd8 19. f4 Bc5 20. Kf2 Kf8 21.
Be4 Rab8 22. Rac1 Bxe3+ 23. Kxe3 Rxd1 24. Rxd1 Rd8 25. Rc1 Rd7 26. Rc6 Rd1 27.
Bf3 Re1+ 28. Kf2 Rb1 29. Ke3 Re1+ 30. Kd2 Rh1 31. Rxa6 Nxf4 32. Ra8+ Ke7 33.
Bc6 f6 34. g3 Rxh2+ 35. Ke3 Ne6 36. Re8+ Kf7 37. Bd7 Nc5 38. e6+ Kg6 39. b4 Nb7
40. Rb8 Nd6 41. e7 Rxa2 42. e8=Q+ Nxe8 43. Bxe8+ Kg5 44. Rxb5+ f5 45. Rb7 Rc2
46. Kd3 Rc1 $11 47. b5 Kf6 48. Bc6 Rg1 49. Rxc7 Rxg3+ 50. Kc4 Rg1 51. b6 Rc1+
52. Kb5 Rb1+ 53. Ka6 Ra1+ 54. Kb7 Rb1 55. Ka7 Ra1+ 56. Kb8 Rb1 57. b7 g5 58.
Rd7 g4 59. Kc7 f4 60. Rd6+ Kg5 61. Rd5+ Kh4 62. Rb5 Rg1 63. b8=Q f3 64. Qd8+
Kg3 65. Qd6+ Kf2 66. Rb2+ 1-0

[Event "Ceske sachove vanoce 2012  -  OPEN"]
[Site "Litomysl"]
[Date "2013.01.01"]
[Round "8.18"]
[White "Chladek, Vaclav"]
[Black "Liduch, Filip"]
[Result "1-0"]
[WhiteElo "2050"]
[BlackElo "1707"]
[PlyCount "41"]
[EventDate "2012.12.26"]

1. e4 e5 2. Nf3 Nc6 3. d4 exd4 4. c3 dxc3 5. Nxc3 d6 6. Bc4 Nf6 7. Qb3 Qd7 8.
Ng5 Ne5 9. Bb5 c6 10. f4 cxb5 11. fxe5 dxe5 12. Be3 a6 13. Rd1 Qe7 14. Bc5 Qc7
15. Bb6 Qc4 16. Rd8+ Ke7 17. Qa3+ b4 18. Qa5 Be6 19. Rxa8 bxc3 20. Bc5+ Kd7 21.
Rd8+ 1-0

[Event "Ceske sachove vanoce 2012  -  OPEN"]
[Site "Litomysl"]
[Date "2013.01.01"]
[Round "8.19"]
[White "Marinov, Peter"]
[Black "Kimerling, Martin"]
[Result "0-1"]
[WhiteElo "1827"]
[BlackElo "2047"]
[PlyCount "78"]
[EventDate "2012.12.26"]

1. d4 Nf6 2. e3 g6 3. Bd3 Bg7 4. c3 O-O 5. f4 d6 6. Nd2 e5 7. Ngf3 exf4 8. e4
Ng4 9. Nf1 f5 10. Bc4+ Kh8 11. Bxf4 fxe4 12. Qd2 exf3 13. gxf3 Qf6 14. fxg4
Qxf4 15. Qxf4 Rxf4 16. h3 c5 17. Ne3 Re4 18. Kf2 cxd4 19. Nd5 Nc6 20. Bd3 Re5
21. c4 Be6 22. Nc7 Rf8+ 23. Kg2 Nb4 24. Nxe6 Rxe6 25. Rhd1 Nxd3 26. Rxd3 Re2+
27. Kg1 Rff2 28. Re1 Rg2+ 29. Kh1 Rxe1+ 30. Kxg2 Re2+ 31. Kf3 Re3+ 32. Rxe3
dxe3 33. Kxe3 Bxb2 34. Ke4 Ba3 35. Kd5 Kg7 36. Ke6 a5 37. g5 Bc5 38. a4 b6 39.
h4 Bf2 0-1

[Event "Ceske sachove vanoce 2012  -  OPEN"]
[Site "Litomysl"]
[Date "2013.01.01"]
[Round "8.20"]
[White "Schaefer, Reyk"]
[Black "Tischer, Jana"]
[Result "1-0"]
[WhiteElo "2112"]
[BlackElo "1876"]
[PlyCount "83"]
[EventDate "2012.12.26"]

1. d4 f5 2. g3 Nf6 3. Bg2 g6 4. c3 Bg7 5. Qb3 c6 6. Nf3 e6 7. O-O O-O 8. Bg5
Qc7 9. Nbd2 d5 10. Ne1 Nbd7 11. Ndf3 b6 12. Bf4 Qd8 13. Qa4 Bb7 14. Nd3 Ne4 15.
Nfe5 Nxe5 16. Bxe5 Bxe5 17. Nxe5 Qc8 18. e3 c5 19. Rfc1 a6 20. Bxe4 fxe4 21.
Qd7 c4 22. Qe7 b5 23. Ng4 Bc6 24. Nf6+ Rxf6 25. Qxf6 Qd7 26. f4 Rf8 27. Qh4 Qd6
28. Rf1 Bd7 29. Rf2 Kg7 30. Raf1 h6 31. g4 Kh7 32. Qg3 Qe7 33. Kh1 Qg7 34. Rg1
Qf7 35. h4 Kh8 36. Rh2 Qe7 37. h5 g5 38. Rf2 Kg8 39. Rgf1 Re8 40. fxg5 Qxg5 41.
Rf6 Kh8 42. Rg6 1-0

[Event "Ceske sachove vanoce 2012  -  OPEN"]
[Site "Litomysl"]
[Date "2013.01.01"]
[Round "8.21"]
[White "Macura, Emil"]
[Black "Johnova, Eliska"]
[Result "0-1"]
[WhiteElo "2062"]
[BlackElo "1848"]
[PlyCount "120"]
[EventDate "2012.12.26"]

1. d4 e6 2. c4 d5 3. e3 c5 4. Nf3 Nc6 5. Nbd2 cxd4 6. exd4 Bd6 7. Be2 Nge7 8.
O-O O-O 9. b3 Ng6 10. g3 Nce7 11. Bb2 f6 12. Bd3 Bd7 13. Qe2 Re8 14. c5 Bc7 15.
b4 Nf5 16. Qd1 e5 17. Be2 e4 18. Ne1 Nh6 19. Ng2 f5 20. f4 Qf6 21. Ne3 Ne7 22.
Qb3 Be6 23. Rf2 Ng4 24. Nxg4 fxg4 25. Nf1 h5 26. Ne3 Rad8 27. b5 Rf8 28. Raf1
Qg6 29. a4 h4 30. Qd1 Nf5 31. Nxf5 Bxf5 32. Bc1 Kf7 33. Be3 Rh8 34. Rg2 Rh6 35.
gxh4 Rxh4 36. Bf2 Rh7 37. Bxg4 Bxg4 38. Qxg4 Qxg4 39. Rxg4 Rdh8 40. Bg3 Kf6 41.
Rg5 Rh5 42. Rxh5 Rxh5 43. Kg2 Kf5 44. Ra1 Ba5 45. Ra2 Bc3 46. Rc2 Bxd4 47. Rd2
Bxc5 48. Rxd5+ Kg6 49. Rd7 b6 50. Rxa7 Rd5 51. Kf1 e3 52. Be1 Rd4 53. Bc3 Rxf4+
54. Ke1 Rf2 55. Rxg7+ Kh6 56. Rg8 Rc2 57. Re8 Rxc3 58. a5 bxa5 59. b6 Rc1+ 60.
Ke2 Rb1 0-1

[Event "Ceske sachove vanoce 2012  -  OPEN"]
[Site "Litomysl"]
[Date "2013.01.01"]
[Round "8.22"]
[White "Spacek, Marcel"]
[Black "Spacek, Oliver"]
[Result "1/2-1/2"]
[WhiteElo "1846"]
[BlackElo "1998"]
[Annotator ",Michail"]
[PlyCount "24"]
[EventDate "2012.12.26"]

1. d4 Nf6 2. c4 c6 3. Nf3 d5 4. e3 Bf5 5. Nc3 e6 6. Nh4 Bg6 7. Nxg6 hxg6 8. Qb3
Qb6 9. cxd5 exd5 10. Na4 Qxb3 11. axb3 Bb4+ 12. Nc3 Ne4 $11 1/2-1/2

[Event "Ceske sachove vanoce 2012  -  OPEN"]
[Site "Litomysl"]
[Date "2013.01.01"]
[Round "8.23"]
[White "Tejkal, Jiri"]
[Black "Hajek, Oskar"]
[Result "1/2-1/2"]
[WhiteElo "1964"]
[BlackElo "1829"]
[PlyCount "90"]
[EventDate "2012.12.26"]

1. e4 c5 2. d3 g6 3. Nf3 Nc6 4. c3 d5 5. Nbd2 Bg7 6. Be2 e6 7. O-O Nge7 8. Re1
O-O 9. Qc2 b6 10. Nf1 Bb7 11. h4 Nc8 12. h5 Nd6 13. Ng3 Rc8 14. hxg6 fxg6 15.
Ng5 Qf6 16. Bg4 Rce8 17. Nf3 dxe4 18. dxe4 Ne5 19. Nxe5 Qxe5 20. Qe2 Nf7 21. f4
Qc7 22. e5 Nd8 23. Ne4 Bxe4 24. Qxe4 Nc6 25. Rd1 Qc8 26. Rd6 Nd8 27. Be3 Rf7
28. Rad1 Bf8 29. R6d2 Rfe7 30. Bf2 Nb7 31. Bh4 Rf7 32. Be2 Bh6 33. g3 Ref8 34.
Bc4 Bxf4 35. gxf4 Rxf4 36. Qe1 Rxc4 37. Bf6 Rg4+ 38. Rg2 Rxg2+ 39. Kxg2 Qc6+
40. Kg3 Qc7 41. Kg4 Qc6 42. Qh1 Qc7 43. Qh6 Na5 44. Rd6 Qb7 45. Kg3 Qf7 1/2-1/2

[Event "Ceske sachove vanoce 2012  -  OPEN"]
[Site "Litomysl"]
[Date "2013.01.01"]
[Round "8.24"]
[White "Lewicki, Pawel"]
[Black "Deutsch, Joey"]
[Result "1/2-1/2"]
[WhiteElo "1934"]
[BlackElo "1740"]
[Annotator ",Michail"]
[PlyCount "44"]
[EventDate "2012.12.26"]

1. e4 c6 2. d4 d5 3. exd5 cxd5 4. c4 Nf6 5. Nc3 Nc6 6. cxd5 Nxd5 7. Bb5 g6 8.
Nf3 Bg7 9. O-O O-O $11 10. Bxc6 bxc6 11. Ne5 Bxe5 12. dxe5 Nxc3 13. bxc3 Qa5
14. Bh6 Rd8 15. Qe2 Be6 16. c4 Rd4 17. Rfc1 Rad8 18. c5 Qa4 19. h3 Re4 20. Qc2
Qxc2 21. Rxc2 Rxe5 22. Be3 f6 1/2-1/2

[Event "Ceske sachove vanoce 2012  -  OPEN"]
[Site "Litomysl"]
[Date "2013.01.01"]
[Round "8.25"]
[White "Michalowski, Peter"]
[Black "Stanek, Stanislav"]
[Result "1/2-1/2"]
[WhiteElo "2009"]
[BlackElo "2013"]
[Annotator ",Michail"]
[PlyCount "81"]
[EventDate "2012.12.26"]

1. e4 e5 2. Nf3 d6 3. d4 Qe7 4. Nc3 c6 5. Bc4 Bg4 6. O-O Nd7 7. a4 a5 8. Re1
Bxf3 9. gxf3 Nb6 10. Bf1 Nf6 11. f4 Qc7 12. Be3 Nbd7 13. Bg2 Be7 14. Ne2 Ng4
15. Bc1 Bh4 16. Ng3 Ndf6 17. h3 Bxg3 18. hxg4 Bxf4 19. Bxf4 exf4 20. e5 dxe5
21. dxe5 Nd5 22. e6 O-O-O 23. Qe2 fxe6 24. Qxe6+ Qd7 25. Bxd5 cxd5 26. Rad1
Qxe6 27. Rxe6 Kd7 28. Rb6 Kc7 29. Rb5 Kc6 30. Rxa5 h5 31. gxh5 Rxh5 32. Kg2
Rdh8 33. b4 Rh2+ 34. Kf3 R8h3+ 35. Kxf4 Rxf2+ 36. Kg4 Rhh2 37. Rc5+ Kb6 38.
Rdxd5 Rhg2+ 39. Kh3 Rh2+ 40. Kg3 Rhg2+ $11 41. Kh3 $11 1/2-1/2

[Event "Ceske sachove vanoce 2012  -  OPEN"]
[Site "Litomysl"]
[Date "2013.01.01"]
[Round "8.26"]
[White "Jandl, Vojtech"]
[Black "Prachar, Josef"]
[Result "1/2-1/2"]
[WhiteElo "1812"]
[BlackElo "1952"]
[PlyCount "85"]
[EventDate "2012.12.26"]

1. e4 c5 2. Nf3 Nc6 3. d4 cxd4 4. Nxd4 Nf6 5. Nc3 d6 6. Be2 e5 7. Nb3 Be7 8.
O-O O-O 9. Be3 a5 10. Nd2 Be6 11. Nc4 d5 12. exd5 Nxd5 13. Nxd5 Qxd5 14. Qxd5
Bxd5 15. Nb6 Rad8 16. Nxd5 Rxd5 17. Bf3 Rd6 18. Rad1 Rfd8 19. Rc1 Re8 20. Bc5
Rd2 21. Bb6 Bd8 22. Bxc6 bxc6 23. Be3 Rd6 24. Rfd1 Bc7 25. Rxd6 Bxd6 26. Rd1
Re6 27. a4 Kf8 28. Bb6 Rf6 29. Bxa5 Bc5 30. Rd8+ Ke7 31. Rd2 Rf4 32. b3 e4 33.
Re2 f5 34. h3 e3 35. fxe3 Re4 36. Kf2 f4 37. Kf3 Rxe3+ 38. Rxe3+ fxe3 39. c4
Ke6 40. b4 Bd4 41. b5 cxb5 42. axb5 Kd6 43. Bb4+ 1/2-1/2

[Event "Ceske sachove vanoce 2012  -  OPEN"]
[Site "Litomysl"]
[Date "2013.01.01"]
[Round "8.27"]
[White "Melichar, Vojtech"]
[Black "Seidl, Antonin"]
[Result "1-0"]
[WhiteElo "1830"]
[BlackElo "2028"]
[Annotator ",Michail"]
[PlyCount "109"]
[EventDate "2012.12.26"]

1. e4 Nc6 2. Nf3 d6 3. Bc4 Nf6 4. Nc3 Bg4 5. h3 Bh5 6. g4 Bg6 7. d3 e6 8. Bg5
Be7 9. Qd2 h6 10. Bf4 a6 11. O-O-O Na5 12. Bb3 Nxb3+ 13. axb3 c6 14. Rdg1 Nd7
15. h4 h5 16. gxh5 Rxh5 17. Bg5 $11 d5 18. exd5 cxd5 19. Re1 Qa5 20. Kb1 Bb4
21. Qe2 Bxc3 22. bxc3 Qxc3 23. Bc1 Qc6 24. Bb2 Kf8 25. Rhg1 Re8 26. Nd4 Qd6 27.
Ka2 e5 28. Nf3 Kg8 29. Rg5 Rxg5 30. hxg5 e4 31. Nh4 Ne5 32. dxe4 dxe4 33. Bxe5
Rxe5 34. Nxg6 Qxg6 35. f3 Qxg5 36. fxe4 Ra5+ 37. Kb2 Qe5+ 38. c3 Rc5 39. Qd3
Rc8 40. Rh1 g6 41. Qh3 Re8 42. Qh7+ Kf8 43. Qh6+ Ke7 44. Qh4+ Kd7 45. Rd1+ Kc7
46. Rd4 g5 47. Qg4 Re7 48. Rd5 Qxe4 49. Qxg5 Qe2+ 50. Ka3 Qe6 51. Qf4+ Kc8 52.
Qc4+ Kb8 53. Rd8+ Ka7 54. Qd4+ b6 55. Rd6 1-0

[Event "Ceske sachove vanoce 2012  -  OPEN"]
[Site "Litomysl"]
[Date "2013.01.01"]
[Round "8.28"]
[White "Csefalvay, Stefan"]
[Black "Rychtecky, Pavel"]
[Result "1/2-1/2"]
[WhiteElo "1912"]
[BlackElo "1714"]
[Annotator ",Michail"]
[PlyCount "113"]
[EventDate "2012.12.26"]

1. c4 Nf6 2. Nf3 e6 3. Nc3 c6 4. g3 d5 5. d4 Be7 6. Bg2 O-O 7. O-O Nbd7 8. Qc2
b6 9. b3 Bb7 10. e4 dxe4 11. Nxe4 Nxe4 12. Qxe4 Nf6 13. Qc2 Qc7 14. Bf4 Bd6 15.
Bg5 Nd7 16. Be3 c5 17. dxc5 Bxc5 18. Bxc5 Qxc5 19. Ng5 Qxg5 20. Bxb7 Rad8 21.
Rad1 Ne5 22. f4 Qh5 23. fxe5 Qxe5 24. Kg2 Qc7 25. Bf3 Rc8 26. Qe4 b5 27. Be2
Qa5 28. Rf2 bxc4 29. Bxc4 Qc7 30. Rfd2 Rcd8 31. Rxd8 Rxd8 32. Rxd8+ Qxd8 33.
Bd3 g6 34. a4 Qb6 35. Bc4 Qc5 36. Qd3 Qe5 37. Qf3 Qd4 38. Qd3 Qe5 39. Qf3 Qd4
40. Qf2 Qe4+ 41. Kh3 h5 42. Qxa7 Qg4+ 43. Kg2 Qe4+ 44. Kf2 Qc2+ 45. Be2 Qf5+
46. Kg1 Qb1+ 47. Kg2 Qe4+ 48. Bf3 Qc2+ 49. Qf2 Qxb3 50. a5 Qa4 51. Qd2 Kg7 52.
h4 e5 53. Bb7 e4 54. a6 f5 55. Qf2 Qb3 56. Qd4+ Kh7 57. Bxe4 $11 1/2-1/2

[Event "Ceske sachove vanoce 2012  -  OPEN"]
[Site "Litomysl"]
[Date "2013.01.01"]
[Round "8.29"]
[White "Skinkis, Peteris"]
[Black "Schaffer, Ondrej"]
[Result "0-1"]
[WhiteElo "1796"]
[BlackElo "1748"]
[PlyCount "54"]
[EventDate "2012.12.26"]

1. e4 e5 2. Nf3 Nc6 3. h3 Nf6 4. d3 Bc5 5. Be2 O-O 6. O-O h6 7. Be3 Bb6 8. Nbd2
d5 9. Bxb6 axb6 10. a3 Be6 11. c3 Qe7 12. Qc2 Rad8 13. Rad1 d4 14. c4 Nd7 15.
Nh2 f5 16. exf5 Bxf5 17. Bg4 Bg6 18. Bf3 Nc5 19. Ne4 Nxe4 20. Bxe4 Bxe4 21.
dxe4 Qh4 22. Nf3 Rxf3 23. gxf3 Qxh3 24. f4 exf4 25. f3 Ne5 26. Qg2 Qxg2+ 27.
Kxg2 Nxc4 0-1